[Event "Madrid ch 2017-2018 Veteranos"]
[Site "Madrid ESP"]
[Date "2018.01.12"]
[Round "5.17"]
[White "Hernandez Garcia, Carlos"]
[Black "Bellagamba, Pascal"]
[Result "1-0"]
[WhiteElo "1727"]
[BlackElo "1596"]
[PlyCount "99"]
[EventDate "2018.01.08"]
[EventType "swiss"]
[EventRounds "9"]
[EventCountry "ESP"]
[SourceTitle "Ajedrez en Madrid"]
[Source "lmi"]
[SourceDate "2018.01.08"]
[SourceVersion "1"]
[SourceVersionDate "2018.01.25"]
[SourceQuality "1"]

1. e4 e5 2. Nf3 Nf6 3. Nc3 Nc6 4. Bc4 Bc5 5. O-O O-O 6. h3 d6 7. d3 a6 8. Bg5
Na5 9. Nd5 Nxc4 10. dxc4 Be6 11. Nxf6+ gxf6 12. Bh6 Re8 13. Nd2 Kh8 14. Qh5 Rg8
15. Kh2 Rg6 16. f4 Qg8 17. g4 Be3 18. Rad1 exf4 19. Bxf4 Bxf4+ 20. Rxf4 Qg7 21.
Qh4 Rh6 22. Qg3 Qg5 23. Nf3 Qc5 24. b3 Rg8 25. Rf1 Qa3 26. Rf2 Qxa2 27. Nh4 Qb2
28. Nf5 Bxf5 29. exf5 Qe5 30. Qf3 Re8 31. Qxb7 Qe3 32. Qf3 Qe1 33. Qg2 Qc3 34.
R4f3 Qe5+ 35. Qg3 Qe1 36. Qf4 Rh4 37. Kg3 Re4 38. Qd2 Rxh3+ 39. Kxh3 Qh1+ 40.
Kg3 h5 41. Qh6+ Kg8 42. Qxh5 Qg1+ 43. Kh3 Qh1+ 44. Kg3 Qg1+ 45. Rg2 Qe1+ 46.
Kh2 Qa1 47. g5 Qe5+ 48. Rfg3 Re1 49. gxf6+ Kf8 50. Qh8# 1-0

[Event "Madrid ch 2017-2018 Veteranos"]
[Site "Madrid ESP"]
[Date "2018.01.12"]
[Round "5.18"]
[White "Marivela Santos, Juan Carlos"]
[Black "Martinez Carrasco, Jesus"]
[Result "1-0"]
[WhiteElo "1714"]
[BlackElo "1568"]
[PlyCount "51"]
[EventDate "2018.01.08"]
[EventType "swiss"]
[EventRounds "9"]
[EventCountry "ESP"]
[SourceTitle "Ajedrez en Madrid"]
[Source "lmi"]
[SourceDate "2018.01.08"]
[SourceVersion "1"]
[SourceVersionDate "2018.01.25"]
[SourceQuality "1"]

1. c4 c6 2. g3 Nf6 3. Bg2 g6 4. Nc3 Bg7 5. Nf3 O-O 6. O-O d5 7. cxd5 cxd5 8. d4
Nc6 9. a3 Re8 10. b4 e6 11. Bb2 Bd7 12. b5 Na5 13. Ne5 Rc8 14. Rc1 Nc4 15. Nxc4
Rxc4 16. e3 Qc7 17. Re1 Rc8 18. Bf1 Qb6 19. Bxc4 Rxc4 20. a4 a6 21. Qb3 Bf8 22.
Ba3 Bxa3 23. Qxa3 axb5 24. axb5 Bxb5 25. Rb1 Qa6 26. Nxb5 1-0

[Event "Madrid ch 2017-2018 Veteranos"]
[Site "Madrid ESP"]
[Date "2018.01.12"]
[Round "5.19"]
[White "Sanchez Lucena, Juan"]
[Black "Calderon Martin, Antonio"]
[Result "1-0"]
[WhiteElo "1456"]
[BlackElo "1665"]
[PlyCount "60"]
[EventDate "2018.01.08"]
[EventType "swiss"]
[EventRounds "9"]
[EventCountry "ESP"]
[SourceTitle "Ajedrez en Madrid"]
[Source "lmi"]
[SourceDate "2018.01.08"]
[SourceVersion "1"]
[SourceVersionDate "2018.01.25"]
[SourceQuality "1"]

1. d4 Nf6 2. Nf3 g6 3. e3 Bg7 4. c4 d6 5. Nc3 O-O 6. Be2 Nbd7 7. a3 b6 8. Ra2
Bb7 9. d5 e6 10. e4 exd5 11. exd5 Re8 12. O-O a5 13. b3 Nc5 14. Qc2 Bc8 15. Nd4
Nxd5 16. Nc6 Qf6 17. Nxd5 Qh4 18. g3 Qh3 19. Bf3 Qd7 20. Qd1 Ne4 21. Re2 f5 22.
Bxe4 fxe4 23. Nce7+ Rxe7 24. Nxe7+ Qxe7 25. Qd5+ Qe6 26. Qxa8 Kf7 27. Qd5 Qxd5
28. cxd5 Ba6 29. Rc2 Bxf1 30. Rxc7+ Kf6 1-0

[Event "Madrid ch 2017-2018 Veteranos"]
[Site "Madrid ESP"]
[Date "2018.01.12"]
[Round "5.21"]
[White "Prieto Gonzalez, Cesar"]
[Black "Peña Marina, Jose Maria"]
[Result "1-0"]
[WhiteElo "1515"]
[BlackElo "1705"]
[PlyCount "81"]
[EventDate "2018.01.08"]
[EventType "swiss"]
[EventRounds "9"]
[EventCountry "ESP"]
[SourceTitle "Ajedrez en Madrid"]
[Source "lmi"]
[SourceDate "2018.01.08"]
[SourceVersion "1"]
[SourceVersionDate "2018.01.25"]
[SourceQuality "1"]

1. e4 e6 2. d3 d5 3. Nd2 Nf6 4. Ngf3 c5 5. g3 Nc6 6. Bg2 dxe4 7. dxe4 e5 8. h3
Be7 9. O-O O-O 10. Re1 Qc7 11. Qe2 Bd7 12. c3 Rad8 13. Nh4 Qc8 14. Kh2 Ne8 15.
Ndf3 f6 16. Bf1 Nd6 17. Be3 b6 18. Rad1 Be6 19. Nd2 Na5 20. b3 Rd7 21. f4 Nc6
22. f5 Bf7 23. Bg2 Qe8 24. Bf3 Rc7 25. Rg1 Kh8 26. g4 h6 27. Rg2 Rg8 28. Rg3
Kh7 29. Rdg1 g5 30. fxg6+ Bxg6 31. Nf5 Bxf5 32. gxf5 Rxg3 33. Rxg3 Bd8 34. Bh5
Qf8 35. Qg2 Nf7 36. h4 Kh8 37. Nf3 Na5 38. Kh3 Nb7 39. Nh2 Nbd6 40. Ng4 Nxe4
41. Qxe4 1-0

[Event "Madrid ch 2017-2018 Veteranos"]
[Site "Madrid ESP"]
[Date "2018.01.12"]
[Round "5.23"]
[White "Beekhof Harmsen, Willen"]
[Black "Perales Hernandez, Manuel"]
[Result "0-1"]
[WhiteElo "1543"]
[BlackElo "1302"]
[PlyCount "58"]
[EventDate "2018.01.08"]
[EventType "swiss"]
[EventRounds "9"]
[EventCountry "ESP"]
[SourceTitle "Ajedrez en Madrid"]
[Source "lmi"]
[SourceDate "2018.01.08"]
[SourceVersion "1"]
[SourceVersionDate "2018.01.25"]
[SourceQuality "1"]

1. d4 d5 2. Nf3 Nf6 3. e3 a6 4. Bd3 Bd7 5. O-O e6 6. Nbd2 Bd6 7. Qe2 Qe7 8. e4
dxe4 9. Nxe4 Bc6 10. Nxf6+ gxf6 11. c4 Qd7 12. b3 b6 13. Bb2 Qe7 14. Rfe1 Bb4
15. Red1 Nd7 16. a3 Bd6 17. Qc2 Rg8 18. Bxh7 Rg7 19. Be4 Bxe4 20. Qxe4 O-O-O
21. Re1 Rdg8 22. g3 f5 23. Qe2 f4 24. d5 Rg6 25. Nd4 fxg3 26. Nc6 gxh2+ 27. Kh1
Qh4 28. f4 Rg1+ 29. Rxg1 hxg1=Q# 0-1

[Event "Madrid ch 2017-2018 Veteranos"]
[Site "Madrid ESP"]
[Date "2018.01.12"]
[Round "5.24"]
[White "Infante Martin, Alonso"]
[Black "Villodre Miranda, Juan Alonso"]
[Result "0-1"]
[WhiteElo "1345"]
[BlackElo "1542"]
[PlyCount "60"]
[EventDate "2018.01.08"]
[EventType "swiss"]
[EventRounds "9"]
[EventCountry "ESP"]
[SourceTitle "Ajedrez en Madrid"]
[Source "lmi"]
[SourceDate "2018.01.08"]
[SourceVersion "1"]
[SourceVersionDate "2018.01.25"]
[SourceQuality "1"]

1. d4 f5 2. g3 Nf6 3. Bg2 d5 4. Nf3 e6 5. O-O Be7 6. Nbd2 O-O 7. c4 c6 8. Ne5
Nbd7 9. Ndf3 Nxe5 10. dxe5 Nd7 11. cxd5 cxd5 12. Bf4 g5 13. Nd4 Qb6 14. Nxe6
gxf4 15. Qxd5 Nf6 16. Qd2 Bxe6 17. exf6 Bxf6 18. Rfb1 fxg3 19. hxg3 Rad8 20.
Qf4 Rd4 21. e4 fxe4 22. Re1 Bg7 23. Qe3 Bf5 24. Rab1 Bh6 25. Qe2 Kh8 26. b3 Rd2
27. Qf1 Bg6 28. Re2 e3 29. Rxd2 exd2 30. Qe2 Bxb1 0-1

[Event "Madrid ch 2017-2018 Veteranos"]
[Site "Madrid ESP"]
[Date "2018.01.12"]
[Round "5.25"]
[White "Perez Ramos, Miguel Angel"]
[Black "Salgado Duarte, Pablo"]
[Result "0-1"]
[WhiteElo "1145"]
[BlackElo "1522"]
[PlyCount "144"]
[EventDate "2018.01.08"]
[EventType "swiss"]
[EventRounds "9"]
[EventCountry "ESP"]
[SourceTitle "Ajedrez en Madrid"]
[Source "lmi"]
[SourceDate "2018.01.08"]
[SourceVersion "1"]
[SourceVersionDate "2018.01.25"]
[SourceQuality "1"]

1. e4 c5 2. c4 Nc6 3. Nf3 e5 4. a3 Nf6 5. d3 d6 6. Be2 Be7 7. Bd2 O-O 8. Bc3 h6
9. h3 Nh7 10. b4 b6 11. b5 Nb8 12. Bd2 f5 13. Nc3 fxe4 14. dxe4 Be6 15. Qc1 Rf6
16. Bd3 Qf8 17. Qd1 Qf7 18. Nd5 Bxd5 19. exd5 Qe8 20. Bxh7+ Kxh7 21. Bc3 Qg6
22. Qb1 Qxb1+ 23. Rxb1 Nd7 24. O-O Raf8 25. Rbe1 Rf4 26. Nd2 R4f7 27. g3 Nf6
28. Re3 Kh8 29. Kh2 Nh7 30. Kg2 Bg5 31. Re2 Bxd2 32. Bxd2 Rf3 33. Re3 R3f5 34.
h4 R5f7 35. f3 Nf6 36. Ree1 Kg8 37. Rf2 Re8 38. Rfe2 Ra8 39. a4 a6 40. a5 axb5
41. cxb5 bxa5 42. Ra1 a4 43. Bc3 Nxd5 44. Be1 Nb6 45. Re4 Raf8 46. Ba5 Rb8 47.
Bxb6 Rxb6 48. Rexa4 Rxb5 49. Ra6 d5 50. Ra8+ Rf8 51. R8a3 Rb2+ 52. Kh3 Rf2 53.
Ra5 Rc2 54. Re1 Re8 55. g4 Rc3 56. Kg2 d4 57. Re4 Rc2+ 58. Kg3 Kf7 59. h5 Kf6
60. f4 exf4+ 61. Rxf4+ Ke5 62. Rf5+ Ke4 63. Rf4+ Kd5 64. Rf5+ Re5 65. Rf8 Re3+
66. Rf3 Rxf3+ 67. Kxf3 Rc3+ 68. Kf4 Ke6 69. Ra6+ Kf7 70. Ra7+ Kg8 71. Kf5 Rf3+
72. Kg6 Rf6# 0-1

[Event "Madrid ch 2017-2018 Veteranos"]
[Site "Madrid ESP"]
[Date "2018.01.12"]
[Round "5.27"]
[White "Martin Rodriguez, Jose Luis"]
[Black "Perez Gonzalez, Eugenio"]
[Result "1-0"]
[WhiteElo "1302"]
[BlackElo "1518"]
[PlyCount "61"]
[EventDate "2018.01.08"]
[EventType "swiss"]
[EventRounds "9"]
[EventCountry "ESP"]
[SourceTitle "Ajedrez en Madrid"]
[Source "lmi"]
[SourceDate "2018.01.08"]
[SourceVersion "1"]
[SourceVersionDate "2018.01.25"]
[SourceQuality "1"]

1. c4 c5 2. Nc3 e6 3. Nf3 Nc6 4. g3 Nf6 5. Bg2 Be7 6. O-O O-O 7. d4 cxd4 8.
Nxd4 Rb8 9. Nxc6 bxc6 10. Qc2 Bb7 11. Rd1 Qc7 12. Ne4 Rbd8 13. c5 Nxe4 14. Bxe4
f5 15. Bd3 Qc8 16. Bf4 Ba6 17. Bd6 Bxd3 18. Rxd3 Rfe8 19. Bxe7 Rxe7 20. Rd6 g6
21. Rad1 Qc7 22. R1d3 Kf7 23. h4 e5 24. Qd2 Kg8 25. Qg5 Rg7 26. Qd2 Re7 27. h5
gxh5 28. Qg5+ Rg7 29. Qxf5 h4 30. Qxe5 Re8 31. Qxe8# 1-0

[Event "Madrid ch 2017-2018 Veteranos"]
[Site "Madrid ESP"]
[Date "2018.01.12"]
[Round "5.28"]
[White "Sierra Garcia, Ricardo"]
[Black "Abad Martin-Camuñas, Luis"]
[Result "1-0"]
[WhiteElo "1343"]
[BlackElo "1408"]
[PlyCount "41"]
[EventDate "2018.01.08"]
[EventType "swiss"]
[EventRounds "9"]
[EventCountry "ESP"]
[SourceTitle "Ajedrez en Madrid"]
[Source "lmi"]
[SourceDate "2018.01.08"]
[SourceVersion "1"]
[SourceVersionDate "2018.01.25"]
[SourceQuality "1"]

1. e4 c5 2. Nf3 Nc6 3. d4 cxd4 4. Nxd4 Nf6 5. Nc3 e5 6. Nb3 Bb4 7. Bd3 d5 8.
Bd2 d4 9. Ne2 Qe7 10. a3 Bd6 11. O-O O-O 12. h3 a6 13. Bg5 h6 14. Bh4 Qe6 15.
Ng3 g6 16. Ne2 Be7 17. f4 Nh7 18. Bg3 f6 19. f5 Qf7 20. Nd2 g5 21. Bc4 1-0

[Event "Madrid ch 2017-2018 Veteranos"]
[Site "Madrid ESP"]
[Date "2018.01.15"]
[Round "6.1"]
[White "Elissalt Cardenas, Hector"]
[Black "Sanchez Garcia, Aurelio"]
[Result "1-0"]
[WhiteElo "2346"]
[BlackElo "2091"]
[PlyCount "109"]
[EventDate "2018.01.08"]
[EventType "swiss"]
[EventRounds "9"]
[EventCountry "ESP"]
[SourceTitle "Ajedrez en Madrid"]
[Source "lmi"]
[SourceDate "2018.01.08"]
[SourceVersion "1"]
[SourceVersionDate "2018.01.25"]
[SourceQuality "1"]

1. c4 e5 2. Nc3 d6 3. g3 f5 4. Bg2 Nf6 5. d3 Be7 6. e3 c6 7. Nge2 O-O 8. b3 Be6
9. d4 Nbd7 10. d5 cxd5 11. Nxd5 Nc5 12. O-O Nce4 13. Nec3 Nxc3 14. Nxc3 e4 15.
Qe2 d5 16. Rd1 Qa5 17. Bd2 Qc5 18. cxd5 Nxd5 19. Nxd5 Bxd5 20. Rac1 Qb6 21. Bc3
Be6 22. Qb2 Bf6 23. Bxf6 Rxf6 24. Qe5 Rd8 25. Bf1 Bf7 26. Rxd8+ Qxd8 27. Rc7
Re6 28. Qc3 Rc6 29. Rxc6 bxc6 30. Qxc6 g6 31. h4 Qa5 32. Qc2 Qa3 33. Kg2 a5 34.
h5 Qf8 35. Qc3 g5 36. Qf6 h6 37. Qxf5 Bxh5 38. Bc4+ Kg7 39. Qxe4 Bg6 40. Qb7+
Kh8 41. Bd5 Bb1 42. a4 Bf5 43. Qb6 Bh3+ 44. Kxh3 Qf5+ 45. g4 Qxd5 46. Qxh6+ Kg8
47. Qg6+ Kh8 48. Qf6+ Kg8 49. Kg3 Qc5 50. Qf5 Qd6+ 51. Kg2 Qc6+ 52. e4 Kh8 53.
Qf8+ Kh7 54. Qf7+ Kh8 55. Qh5+ 1-0

[Event "Madrid ch 2017-2018 Veteranos"]
[Site "Madrid ESP"]
[Date "2018.01.15"]
[Round "6.2"]
[White "Gonzalez Rivera, Eduardo"]
[Black "Nuñez Muñoz, Jesus"]
[Result "1/2-1/2"]
[WhiteElo "2014"]
[BlackElo "2182"]
[PlyCount "101"]
[EventDate "2018.01.08"]
[EventType "swiss"]
[EventRounds "9"]
[EventCountry "ESP"]
[SourceTitle "Ajedrez en Madrid"]
[Source "lmi"]
[SourceDate "2018.01.08"]
[SourceVersion "1"]
[SourceVersionDate "2018.01.25"]
[SourceQuality "1"]

1. e4 c5 2. Nf3 Nc6 3. d4 cxd4 4. Nxd4 Nf6 5. Nc3 d6 6. Bc4 e6 7. O-O a6 8. Bb3
Be7 9. f4 O-O 10. Kh1 Nxd4 11. Qxd4 b5 12. a3 Bb7 13. f5 e5 14. Qd3 h6 15. Bd2
Rc8 16. Rad1 Rc7 17. Be1 Qa8 18. Bh4 Bxe4 19. Qe2 Rxc3 20. bxc3 d5 21. a4 Qc6
22. axb5 axb5 23. Ra1 Qxc3 24. Bxf6 Bxf6 25. Qxb5 Qd2 26. Rg1 Bg5 27. Qa5 Rd8
28. Qxd2 Bxd2 29. Rgd1 Bc3 30. Ra7 Bd4 31. Ra5 Rd6 32. Rb5 h5 33. c3 Bxc3 34.
Bxd5 Bxd5 35. Rbxd5 Rf6 36. R1d3 Rxf5 37. g4 Rf1+ 38. Kg2 Rc1 39. Rd8+ Kh7 40.
Rc8 Bb2 41. Rxc1 Bxc1 42. Rd7 f6 43. gxh5 Kh6 44. Kf3 f5 45. Rf7 e4+ 46. Kg3 g6
47. hxg6 Kxg6 48. Rc7 Bh6 49. Rc6+ Kh5 50. Rc5 Kg6 51. Rc6+ 1/2-1/2

[Event "Madrid ch 2017-2018 Veteranos"]
[Site "Madrid ESP"]
[Date "2018.01.15"]
[Round "6.3"]
[White "Casares Ripoll, Fernando"]
[Black "Lorenzo Bailador, Alfredo"]
[Result "1/2-1/2"]
[WhiteElo "2110"]
[BlackElo "2011"]
[PlyCount "36"]
[EventDate "2018.01.08"]
[EventType "swiss"]
[EventRounds "9"]
[EventCountry "ESP"]
[SourceTitle "Ajedrez en Madrid"]
[Source "lmi"]
[SourceDate "2018.01.08"]
[SourceVersion "1"]
[SourceVersionDate "2018.01.25"]
[SourceQuality "1"]

1. d4 d5 2. Bg5 Nf6 3. Nd2 Bf5 4. c3 c6 5. Ngf3 Ne4 6. Nxe4 Bxe4 7. e3 Nd7 8.
Be2 Qb6 9. Qb3 e6 10. O-O Bd6 11. Bh4 O-O 12. Nd2 Bg6 13. c4 Rfe8 14. c5 Qxb3
15. axb3 Bc7 16. b4 a6 17. Rfe1 Rac8 18. f4 Be4 1/2-1/2

[Event "Madrid ch 2017-2018 Veteranos"]
[Site "Madrid ESP"]
[Date "2018.01.15"]
[Round "6.4"]
[White "Martin Martin, Luis Vicente"]
[Black "Lopez de Turiso, Jose Angel"]
[Result "1-0"]
[WhiteElo "1946"]
[BlackElo "2020"]
[PlyCount "109"]
[EventDate "2018.01.08"]
[EventType "swiss"]
[EventRounds "9"]
[EventCountry "ESP"]
[SourceTitle "Ajedrez en Madrid"]
[Source "lmi"]
[SourceDate "2018.01.08"]
[SourceVersion "1"]
[SourceVersionDate "2018.01.25"]
[SourceQuality "1"]

1. d4 c5 2. c3 Nf6 3. Bf4 e6 4. e3 Nc6 5. Nf3 Be7 6. Ne5 cxd4 7. exd4 d6 8.
Nxc6 bxc6 9. Nd2 O-O 10. Bd3 d5 11. O-O c5 12. dxc5 Bxc5 13. Nb3 Be7 14. Re1
Qb6 15. Be5 a5 16. Rb1 Ba6 17. Bc2 Bc4 18. Qf3 a4 19. Nc1 Ne4 20. Rxe4 dxe4 21.
Qxe4 g6 22. Qxc4 Rfc8 23. Bd4 Qa5 24. Qe2 Bd6 25. Nd3 Qg5 26. f4 Bxf4 27. Nxf4
Qxf4 28. Rf1 Qc7 29. Qe5 Qxe5 30. Bxe5 Ra5 31. Re1 Rcc5 32. Bd4 Rd5 33. b4 axb3
34. Bxb3 Rd6 35. Re2 Kf8 36. Re5 Rxe5 37. Bxe5 Rd2 38. c4 Ke7 39. c5 f6 40. Bf4
Rd4 41. Be3 Rd3 42. Kf2 e5 43. Ke2 Rd8 44. Bc4 Rb8 45. a4 Rb4 46. Bb5 Kd8 47.
Bd2 Rb2 48. c6 Kc8 49. Kd3 f5 50. Bc3 e4+ 51. Kc4 Rc2 52. Kd4 f4 53. Ba5 e3 54.
Ba6+ Kb8 55. c7+ 1-0

[Event "Madrid ch 2017-2018 Veteranos"]
[Site "Madrid ESP"]
[Date "2018.01.15"]
[Round "6.5"]
[White "Marcos Herrero, Francisco"]
[Black "Pastor Alonso De Prado, Alberto"]
[Result "0-1"]
[WhiteElo "1876"]
[BlackElo "2190"]
[PlyCount "75"]
[EventDate "2018.01.08"]
[EventType "swiss"]
[EventRounds "9"]
[EventCountry "ESP"]
[SourceTitle "Ajedrez en Madrid"]
[Source "lmi"]
[SourceDate "2018.01.08"]
[SourceVersion "1"]
[SourceVersionDate "2018.01.25"]
[SourceQuality "1"]

1. d4 d6 2. e4 Nf6 3. Nc3 e5 4. dxe5 dxe5 5. Qxd8+ Kxd8 6. Bg5 c6 7. O-O-O+ Kc7
8. Bc4 Be6 9. Bxe6 fxe6 10. f3 Nbd7 11. Nge2 h6 12. Be3 a5 13. a4 Bc5 14. Bxc5
Nxc5 15. Rd2 g5 16. Rf1 Raf8 17. Ng3 h5 18. Rfd1 g4 19. Nf1 Rh7 20. Ne3 gxf3
21. gxf3 Nfd7 22. Nc4 b6 23. Rg2 Rxf3 24. Rg5 Rh3 25. Rh1 Rf7 26. Rg2 Rhf3 27.
Nd2 R3f4 28. Rg5 Rh4 29. Rg3 Kb7 30. b3 Ka6 31. h3 b5 32. axb5+ cxb5 33. Re3
Rhf4 34. Rg1 b4 35. Ne2 Rf2 36. Rg5 Rh2 37. Rxh5 Rff2 38. Ng3 0-1

[Event "Madrid ch 2017-2018 Veteranos"]
[Site "Madrid ESP"]
[Date "2018.01.15"]
[Round "6.7"]
[White "Garcia Martin, Esteban"]
[Black "Viñas Lopez, Carlos"]
[Result "1/2-1/2"]
[WhiteElo "1886"]
[BlackElo "1884"]
[PlyCount "210"]
[EventDate "2018.01.08"]
[EventType "swiss"]
[EventRounds "9"]
[EventCountry "ESP"]
[SourceTitle "Ajedrez en Madrid"]
[Source "lmi"]
[SourceDate "2018.01.08"]
[SourceVersion "1"]
[SourceVersionDate "2018.01.25"]
[SourceQuality "1"]

1. c4 e5 2. Nc3 Bb4 3. g3 Bxc3 4. bxc3 d6 5. Bg2 Ne7 6. e4 Nbc6 7. d3 O-O 8.
Ne2 f5 9. O-O fxe4 10. Bxe4 Bh3 11. Bg2 Qd7 12. f4 Kh8 13. Rf2 Bxg2 14. Kxg2 b6
15. Qf1 Qf5 16. Ng1 e4 17. d4 Na5 18. Nh3 Ng8 19. Qe2 Nf6 20. Rf1 Rfe8 21. Nf2
e3 22. Nd1 Nxc4 23. Nxe3 Qe4+ 24. Rf3 d5 25. h3 Re7 26. Qf2 Qd3 27. Nxd5 Re2
28. Rxd3 Rxf2+ 29. Kxf2 Nxd5 30. f5 Re8 31. Bf4 Nxf4 32. gxf4 Rf8 33. Re1 Kg8
34. Re7 Rf7 35. Re8+ Rf8 36. Rxf8+ Kxf8 37. Rd1 Kf7 38. Kf3 Kf6 39. Re1 Kf7 40.
Re6 Nd6 41. Re5 Kf6 42. Kg4 a6 43. Re6+ Kf7 44. d5 a5 45. h4 b5 46. h5 h6 47.
Re1 Kf6 48. a3 a4 49. Re2 Kf7 50. Re6 Nc4 51. Rc6 Ne3+ 52. Kf3 Nxd5 53. Ke4
Nf6+ 54. Kd4 Nxh5 55. Rxc7+ Kf6 56. Rc5 Nxf4 57. Rxb5 Ne2+ 58. Kd3 Ng3 59. c4
Nxf5 60. c5 Ke6 61. c6 Nd6 62. Ra5 Nc8 63. Rxa4 Kd6 64. Rc4 Kc7 65. Ke3 Ne7 66.
Kf4 Nxc6 67. Kf5 Kb6 68. Rg4 g6+ 69. Kf6 Kb5 70. Rxg6 Ka4 71. Rg3 Na5 72. Kg6
Nb3 73. Kxh6 Kxa3 74. Kg5 Kb4 75. Kf5 Kc4 76. Rg8 Kd5 77. Rd8+ Kc4 78. Ke5 Nc5
79. Rd4+ Kc3 80. Kd5 Nd3 81. Rc4+ Kd2 82. Kd4 Nc1 83. Ra4 Ne2+ 84. Kc4 Ke3 85.
Ra8 Kf3 86. Rf8+ Ke3 87. Re8+ Kf3 88. Kd3 Nf4+ 89. Kd2 Ng2 90. Re2 Nf4 91. Re3+
Kg4 92. Re4 Kf5 93. Ke3 Nd5+ 94. Kd4 Nf4 95. Re5+ Kf6 96. Ke4 Ng6 97. Ra5 Ne7
98. Ra6+ Kf7 99. Ke5 Ng6+ 100. Kf5 Ne7+ 101. Kg5 Nd5 102. Rd6 Ne7 103. Rf6+ Ke8
104. Rd6 Kf7 105. Rd7 Ke6 1/2-1/2

[Event "Madrid ch 2017-2018 Veteranos"]
[Site "Madrid ESP"]
[Date "2018.01.15"]
[Round "6.8"]
[White "Quintero Torres, Pedro"]
[Black "Rodriguez Bernal, Herman"]
[Result "1-0"]
[WhiteElo "1966"]
[BlackElo "1744"]
[PlyCount "62"]
[EventDate "2018.01.08"]
[EventType "swiss"]
[EventRounds "9"]
[EventCountry "ESP"]
[SourceTitle "Ajedrez en Madrid"]
[Source "lmi"]
[SourceDate "2018.01.08"]
[SourceVersion "1"]
[SourceVersionDate "2018.01.25"]
[SourceQuality "1"]

1. e4 e5 2. Nc3 Nf6 3. Bc4 Nc6 4. d3 Na5 5. Nf3 Nxc4 6. dxc4 d6 7. c5 Bg4 8.
cxd6 cxd6 9. Bg5 h6 10. Bh4 Rc8 11. Qd3 Qb6 12. O-O-O g5 13. Bg3 Bxf3 14. Qxf3
Be7 15. Nd5 Qc5 16. Nxf6+ Bxf6 17. c3 Ke7 18. Rd5 Qc4 19. Kb1 Rc6 20. Rhd1 Rd8
21. Qd3 Qxd3+ 22. R5xd3 g4 23. f3 gxf3 24. Rxf3 Rg8 25. Rdf1 Rg6 26. Rxf6 Rxf6
27. Bh4 d5 28. exd5 Rc4 29. Bxf6+ Kd6 30. Re1 Kxd5 31. Rxe5+ Kd6 1-0

[Event "Madrid ch 2017-2018 Veteranos"]
[Site "Madrid ESP"]
[Date "2018.01.15"]
[Round "6.9"]
[White "Camarero Izquierdo, Juan Carlos"]
[Black "Hernandez Gutierrez, Jose"]
[Result "1-0"]
[WhiteElo "1868"]
[BlackElo "1803"]
[PlyCount "36"]
[EventDate "2018.01.08"]
[EventType "swiss"]
[EventRounds "9"]
[EventCountry "ESP"]
[SourceTitle "Ajedrez en Madrid"]
[Source "lmi"]
[SourceDate "2018.01.08"]
[SourceVersion "1"]
[SourceVersionDate "2018.01.25"]
[SourceQuality "1"]

1. d4 d5 2. Nc3 c6 3. f3 Nf6 4. Bg5 Qb6 5. b3 Bf5 6. e3 e6 7. Bxf6 gxf6 8. Bd3
Bb4 9. Nge2 Bd6 10. O-O Nd7 11. a3 Bg6 12. e4 O-O 13. Kh1 Rac8 14. f4 dxe4 15.
Nxe4 Bb8 16. c3 Bxe4 17. Bxe4 f5 18. Bc2 Nf6 1-0

[Event "Madrid ch 2017-2018 Veteranos"]
[Site "Madrid ESP"]
[Date "2018.01.15"]
[Round "6.10"]
[White "Cruz Gonzalez, Antonio"]
[Black "Lopez Heras, Arturo"]
[Result "1/2-1/2"]
[WhiteElo "1766"]
[BlackElo "1859"]
[PlyCount "109"]
[EventDate "2018.01.08"]
[EventType "swiss"]
[EventRounds "9"]
[EventCountry "ESP"]
[SourceTitle "Ajedrez en Madrid"]
[Source "lmi"]
[SourceDate "2018.01.08"]
[SourceVersion "1"]
[SourceVersionDate "2018.01.25"]
[SourceQuality "1"]

1. e4 c5 2. Nf3 d6 3. d4 cxd4 4. Qxd4 Nc6 5. Bb5 Bd7 6. Bxc6 Bxc6 7. Nc3 e6 8.
O-O Nf6 9. h3 Be7 10. b3 Qc7 11. Bb2 Nh5 12. Qe3 e5 13. Rac1 Nf4 14. Ne2 Nxe2+
15. Qxe2 O-O 16. c4 f5 17. Nd2 Bg5 18. Rcd1 Rad8 19. f3 Qa5 20. a4 Bxd2 21.
Qxd2 Qb6+ 22. Kh1 Qxb3 23. exf5 Rxf5 24. Qd3 Qxd3 25. Rxd3 e4 26. Re3 d5 27.
cxd5 Rdxd5 28. Rxe4 Rd2 29. Re5 Rxe5 30. Bxe5 Ra2 31. Ra1 Rxa1+ 32. Bxa1 Bxa4
33. Kg1 Bb5 34. Kf2 a5 35. g3 Kf7 36. Ke3 g6 37. f4 Bd7 38. g4 h5 39. gxh5 gxh5
40. h4 Ke6 41. Kd4 a4 42. Kc5 Kf5 43. Kb4 Kxf4 44. Bf6 Kf5 45. Bg5 Ke5 46. Be7
Kd4 47. Bf6+ Kd3 48. Bg5 Kc2 49. Bf6 Kb1 50. Ka3 b5 51. Be7 Kc2 52. Bf6 Kd3 53.
Kb4 Ke4 54. Bg5 Ke5 55. Be7 1/2-1/2

[Event "Madrid ch 2017-2018 Veteranos"]
[Site "Madrid ESP"]
[Date "2018.01.15"]
[Round "6.11"]
[White "Sotoca Aguado, Jose"]
[Black "Hernandez Garcia, Carlos"]
[Result "1/2-1/2"]
[WhiteElo "1852"]
[BlackElo "1727"]
[PlyCount "108"]
[EventDate "2018.01.08"]
[EventType "swiss"]
[EventRounds "9"]
[EventCountry "ESP"]
[SourceTitle "Ajedrez en Madrid"]
[Source "lmi"]
[SourceDate "2018.01.08"]
[SourceVersion "1"]
[SourceVersionDate "2018.01.25"]
[SourceQuality "1"]

1. e4 c5 2. Nf3 d6 3. d4 cxd4 4. Nxd4 Nf6 5. Nc3 a6 6. Be2 e5 7. Nb3 Be7 8. O-O
Be6 9. Be3 b5 10. a3 Qc7 11. f4 Nbd7 12. f5 Bc4 13. Nd2 Bxe2 14. Qxe2 O-O 15.
g4 h6 16. Rf2 d5 17. exd5 Bc5 18. Rg2 Bxe3+ 19. Qxe3 Qc5 20. Re1 Rfe8 21. h4
Rac8 22. g5 hxg5 23. hxg5 Nxd5 24. Qxc5 Rxc5 25. Nde4 Nf4 26. Rd2 Rc7 27. Red1
Nb6 28. b3 Rec8 29. Rd8+ Rxd8 30. Rxd8+ Kh7 31. Rd2 Rd7 32. Kf1 Rxd2 33. Nxd2
Nbd5 34. Nxd5 Nxd5 35. Ke2 f6 36. Ne4 Kg8 37. c4 Ne7 38. gxf6 Nxf5 39. c5 gxf6
40. Nxf6+ Kf7 41. Nd5 Nd4+ 42. Kd3 Nxb3 43. c6 Ke6 44. c7 Kd7 45. Ke4 Na5 46.
Kxe5 Nc4+ 47. Kd4 Nxa3 48. Kc5 Nc4 49. Kb4 Kc8 50. Kc5 Kb7 51. Kb4 Nd6 52. Ka5
Nc8 53. Nb4 Kxc7 54. Nxa6+ Kc6 1/2-1/2

[Event "Madrid ch 2017-2018 Veteranos"]
[Site "Madrid ESP"]
[Date "2018.01.15"]
[Round "6.12"]
[White "Minguela Muñoz, Bienvenido"]
[Black "Marivela Santos, Juan Carlos"]
[Result "1-0"]
[WhiteElo "1819"]
[BlackElo "1714"]
[PlyCount "99"]
[EventDate "2018.01.08"]
[EventType "swiss"]
[EventRounds "9"]
[EventCountry "ESP"]
[SourceTitle "Ajedrez en Madrid"]
[Source "lmi"]
[SourceDate "2018.01.08"]
[SourceVersion "1"]
[SourceVersionDate "2018.01.25"]
[SourceQuality "1"]

1. d4 Nf6 2. c4 e6 3. Nf3 b6 4. Bg5 Bb4+ 5. Nc3 c5 6. dxc5 bxc5 7. e4 h6 8.
Bxf6 Qxf6 9. e5 Qe7 10. Bd3 Nc6 11. O-O Bxc3 12. bxc3 Rb8 13. Qe2 Ba6 14. Rab1
O-O 15. Qe4 g6 16. Nd2 Na5 17. Qf4 Qg5 18. Qxg5 hxg5 19. Ne4 Bxc4 20. Nf6+ Kg7
21. Bxc4 d5 22. Bd3 Nc6 23. Nd7 Rxb1 24. Rxb1 Rd8 25. Rb7 Rxd7 26. Rxd7 Nxe5
27. Bb5 Nxd7 28. Bxd7 Kf8 29. Kf1 Ke7 30. Bb5 g4 31. Ke2 f5 32. Ke3 e5 33. g3
g5 34. Be2 e4 35. Ba6 Ke6 36. a4 Ke5 37. a5 d4+ 38. cxd4+ cxd4+ 39. Kd2 f4 40.
Bc8 e3+ 41. fxe3 dxe3+ 42. Ke2 fxg3 43. hxg3 Kd4 44. Bxg4 Ke4 45. Bf3+ Kd4 46.
Bb7 g4 47. Bc8 Kc5 48. Kxe3 Kb5 49. a6 Kb6 50. Kf4 1-0